Cuentos de espantos y otros seres fantásticos del folclor colombiano / (Registro nro. 11108)

000 -CABECERA
campo de control de longitud fija 02127nam a2200313 a 4500
001 - NÚMERO DE CONTROL
campo de control 000083235
005 - FECHA Y HORA DE LA ÚLTIMA TRANSACCIÓN
campo de control 20200120224807.0
008 - DATOS DE LONGITUD FIJA--INFORMACIÓN GENERAL
campo de control de longitud fija 170725s2016 ck a|||jr|||||000 ||spa d
020 ## - NÚMERO INTERNACIONAL ESTÁNDAR DEL LIBRO
Número Internacional Estándar del Libro 9789587576177
043 ## - CÓDIGO DE ÁREA GEOGRÁFICA
Código de área geográfica s-ck---
082 04 - NÚMERO DE LA CLASIFICACIÓN DECIMAL DEWEY
Número de edición 21
090 ## - LOCALMENTE ASIGNADO TIPO-LC NÚMERO DE CLASIFICACIÓN (OCLC); NÚMERO DE CLASIFICACIÓN LOCAL (RLIN)
Número de clasificación (OCLC) (R) ; Numero de clasificación, CALL (RLIN) (NR) AC
Número cutter local (OCLC) ; Número de libro/Signatura topográfica íntegra, CALL (RLIN) CUEes 2016
245 10 - MENCIÓN DE TÍTULO
Título Cuentos de espantos y otros seres fantásticos del folclor colombiano /
Mención de responsabilidad, etc. editor: Julio Orozco Vargas ; ilustraciones y montaje fotográficos: David Niño, Rafel Yockteng ; equipo de autores e investigadores Juan Torres Mantilla ... [et...al...].
260 ## - PUBLICACIÓN, DISTRIBUCIÓN, ETC.
Nombre del editor, distribuidor, etc. Casa Editorial El Tiempo
-- Periódico Hoy
-- Universidad Autónoma de Colombia,
Fecha de publicación, distribución, etc. 2016.
300 ## - DESCRIPCIÓN FÍSICA
Extensión 103 páginas :
Otras características físicas ilustraciones y fotografías en color.
500 ## - NOTA GENERAL
Nota general Incluye diccionario básico del horror
500 ## - NOTA GENERAL
Nota general Recomendado para adultos
505 0# - NOTA DE CONTENIDO CON FORMATO
Título La tarasca |t La llorona |t El Mohán |t La patasola |t El cura sin cabeza |t La dama verde |t La bola de fuego |t El perro negro |t La madremonte |t El cazador |t El mandingas |t El jinete negro |t El hombre caimán |t La mano peluda |t Francisco el hombre |t La mancarita |t Los duendes |t El cucacuy |t La madreagua |t El hojarasquín del monte |t La bruja del tranvía |t El patetarro |t La viudita |t El mareco |t La sirena del arco |t El judío errante |t El ánima sola |t El buque fantasma |t La vieja colmillona |t El gritón |t La niña de la carta |t El tunjo |t La cabellona |t El patón |t La rodillona |t Las ilusiones |t El bus fantasma |t La mula herrada |t La barbacoa del muerto |t El sombrerón |t Los meneses |t María la larga |t El chenche |t El silbador |t Los rescoldaos |t Coco pelao |t El ermitaño iracundo |t María centeno |t El angelito toñeco |t La monja de las rosas
650 14 - PUNTO DE ACCESO ADICIONAL DE MATERIA--TÉRMINO DE MATERIA
Término de materia o nombre geográfico como elemento de entrada Cuentos colombianos
650 24 - PUNTO DE ACCESO ADICIONAL DE MATERIA--TÉRMINO DE MATERIA
Término de materia o nombre geográfico como elemento de entrada Literatura colombiana
650 24 - PUNTO DE ACCESO ADICIONAL DE MATERIA--TÉRMINO DE MATERIA
Término de materia o nombre geográfico como elemento de entrada Cuentos fantásticos
650 24 - PUNTO DE ACCESO ADICIONAL DE MATERIA--TÉRMINO DE MATERIA
Término de materia o nombre geográfico como elemento de entrada Espantos en la literatura
650 24 - PUNTO DE ACCESO ADICIONAL DE MATERIA--TÉRMINO DE MATERIA
Término de materia o nombre geográfico como elemento de entrada Mitología colombiana
650 24 - PUNTO DE ACCESO ADICIONAL DE MATERIA--TÉRMINO DE MATERIA
Término de materia o nombre geográfico como elemento de entrada Leyendas colombianas
700 1# - PUNTO DE ACCESO ADICIONAL--NOMBRE DE PERSONA
Nombre de persona Niño, David,
Término indicativo de función/relación ilustrador.
700 1# - PUNTO DE ACCESO ADICIONAL--NOMBRE DE PERSONA
Nombre de persona Yockteng, Rafael,
Término indicativo de función/relación ilustrador.
700 1# - PUNTO DE ACCESO ADICIONAL--NOMBRE DE PERSONA
Nombre de persona Torres Mantilla, Juan Federico
Fechas asociadas al nombre 1965-
700 1# - PUNTO DE ACCESO ADICIONAL--NOMBRE DE PERSONA
Nombre de persona Orozco Vargas, Julio,
Término indicativo de función/relación editor.
Existencias
Estado de retiro Estado de pérdida Fuente del sistema de clasificación o colocación Estado dañado No para préstamo Código de colección Localización permanente Ubicación/localización actual Fecha de adquisición Número de inventario Total de préstamos Renovaciones totales Signatura topográfica completa Código de barras Fecha visto por última vez Fecha del último préstamo Número de copia Precio válido a partir de Tipo de ítem Koha Nota pública
          Literatura Adulto Biblioteca Pública San Juan Bosco Biblioteca Pública San Juan Bosco 20/01/2020 NT 18 9 AC CUEes 2016 MOS018634 15/11/2024 15/11/2024 Ej.1 20/01/2020 Libro Literatura Quince días

© Todos los derechos reservados para la Biblioteca Pública Municipal San Juan Bosco, 2020
Secretaria de Cultura de Mosquera
Carrera 3 N° 10 Esquina Centro Cultural Barrio El Carmén Teléfono: 8270830 Ext: 34
Funcionando con KOHA
Contacto: Biblioteca Pública Municipal San Juan Bosco/ bibliotecasanjuanbosco@mosquera-cundinamarca.gov.co
Mosquera, Cundinamarca